000 00497nam a2200205 a 4500
001 BRCA_6534
005 20190320205508.0
008 290911s1916----enk#######---#000-0#eng-#
041 _aeng
044 _aenk
050 4 _aPZ3
_b.L6631s 1916
100 1 _aLondon, Jack
_916312
245 1 0 _aIsland tales
_cJack London.
260 _aLondres
_bMills & Boon
_c1916
300 _a248 p.
_c18 cm.
500 _aL73
650 1 4 _aLiteratura estadounidense
_916313
902 _aGFM
942 _2lcc
_cB
999 _c6218
_d6218